Asian cropping systems research : (Record no. 19254)
[ view plain ]
| 000 -LEADER | |
|---|---|
| fixed length control field | 00492cam a2200169 a 4500 |
| 020 ## - INTERNATIONAL STANDARD BOOK NUMBER | |
| ISBN | 0889363358 (pbk.) |
| 040 ## - CATALOGING SOURCE | |
| Transcribing agency | DLC |
| 082 00 - DEWEY DECIMAL CLASSIFICATION NUMBER | |
| Classification number | 338 PHI 1982 C155 Or. |
| 100 1# - MAIN ENTRY--AUTHOR NAME | |
| Personal name | Banta, Gordon R. |
| 245 10 - TITLE STATEMENT | |
| Title | Asian cropping systems research : |
| Remainder of title | microeconomic evaluation procedures / |
| 260 ## - PUBLICATION, DISTRIBUTION, ETC. (IMPRINT) | |
| Place of publication | Ottawa : |
| Name of publisher | International Development Research Centre, |
| Year of publication | c1982. |
| 300 ## - PHYSICAL DESCRIPTION | |
| Number of Pages | 56 p. : |
| Other physical details | ill. ; |
| Dimensions | 25 cm. |
| 490 1# - SERIES STATEMENT | |
| Series statement | IDRC ; |
| 650 #0 - SUBJECT ADDED ENTRY--TOPICAL TERM | |
| Topical Term | Agriculture |
| 650 #0 - SUBJECT ADDED ENTRY--TOPICAL TERM | |
| Topical Term | Cropping systems |
| 942 ## - ADDED ENTRY ELEMENTS (KOHA) | |
| Koha item type | ADB |
| 952 ## - LOCATION AND ITEM INFORMATION (KOHA) | |
| Withdrawn status [LOCAL, KOHA] | 0 |
| Source of acquisition | Permanent Location | Date acquired | Koha item type | Lost status | Shelving location | Current Location | Full call number |
|---|---|---|---|---|---|---|---|
| A32862 | Library Block C | 2020-09-01 | សៀវភៅភាសាអង់គ្លេស | C155 | Library Block C | 338 PHI 1982 C155 Or. |